Costa Rica: Crisis y desafíos
El autor establece que la actual deuda externa de Costa Rica es impagable. Analiza las nuevas propuestas sobre el problema, como la de CRECER PAGANDO, respecto a la cual concluye que cuando se opta por pagar la deuda no es posible crecer o desarrollarse, y que se paga para que crezcan las economías...
Wedi'i Gadw mewn:
| Awdur Corfforaethol: | |
|---|---|
| Fformat: | Anhysbys |
| Cyhoeddwyd: |
San José:
Departamento Ecuménico de Investigaciones
|
| Pynciau: | |
| Tagiau: |
Ychwanegu Tag
Dim Tagiau, Byddwch y cyntaf i dagio'r cofnod hwn!
|
MARC
| LEADER | 00000 a2200000 04500 | ||
|---|---|---|---|
| 001 | 13257 | ||
| 003 | |||
| 008 | 991231s d | ||
| 040 | |||
| 020 | |a 9977-904-50-2 | ||
| 022 | |a 9977-904-50-2 | ||
| 090 | |a 018606 | ||
| 110 | |a Centro de Estudios para la Acción Social | ||
| 245 | |a Costa Rica: Crisis y desafíos | ||
| 260 | |a San José: |b Departamento Ecuménico de Investigaciones | ||
| 300 | |a 219 p | ||
| 520 | |a El autor establece que la actual deuda externa de Costa Rica es impagable. Analiza las nuevas propuestas sobre el problema, como la de CRECER PAGANDO, respecto a la cual concluye que cuando se opta por pagar la deuda no es posible crecer o desarrollarse, y que se paga para que crezcan las economías de los países desarrollados, con lo cual se evidencian las contradicciones del capitalismo, a nivel mundial: lujo y despilfarro en los centros imperiales (Estados Unidos, Japón y Europa Occidental), que se alimentan con los intereses de la deuda, mientras en el polo opuesto crece la miseria y los tugurios. Tales contradicciones son determinantes para llegar a concluir que la deuda externa es impagable. LOB/mb | ||
| 650 | |a DEUDA EXTERNA | ||
| 650 | |a PAISES EN DESARROLLO | ||
| 650 | |a PAISES DESARROLLADOS | ||
| 650 | |a CONSECUENCIAS ECONOMICAS | ||
| 650 | |a CONSECUENCIAS SOCIALES | ||
| 650 | |a CAPITALISMO | ||
| 650 | |a FMI | ||
| 650 | |a ESTRATEGIA DEL DESARROLLO | ||
| 650 | |a CONDICIONES DE VIDA | ||
| 999 | |c 10575 |d 10575 | ||



